Serie A 2020-21 First XI - Statistics

General Stats
  • This quiz has been taken 217 times
  • The average score is 89 of 220
Answer Stats
Team Position Player % Correct
AC Milan GK Gianluigi Donnarumma
96%
AC Milan FW Zlatan Ibrahimović
93%
AC Milan DF Theo Hernandez
92%
AC Milan DF Simon Kjaer
90%
AC Milan MF Franck Kessié
87%
Juventus FW Cristiano Ronaldo
86%
Juventus DF Leonardo Bonucci
86%
Juventus DF Giorgio Chiellini
84%
Inter Milan GK Samir Handanović
84%
AC Milan MF Ante Rebić
83%
Juventus MF Juan Cuadrado
83%
Inter Milan FW Romelu Lukaku
83%
AC Milan DF Davide Calabria
82%
AC Milan MF Ismaël Bennacer
82%
Inter Milan FW Lautaro Martínez
82%
Juventus MF Weston McKennie
82%
Napoli GK David Ospina
80%
Inter Milan MF Marcelo Brozović
80%
Juventus GK Wojciech Szczęsny
80%
Atalanta FW Duvan Zapata
79%
Inter Milan MF Christian Eriksen
78%
Genoa DF Cristian Zapata
78%
Bologna | Juventus DF Danilo
78%
Juventus FW Dejan Kulusevski
78%
Napoli FW Dries Mertens
77%
Napoli DF Kalidou Koulibaly
77%
Juventus MF Adrien Rabiot
76%
AS Roma FW Henrikh Mkhitaryan
76%
Napoli FW Hirving Lozano
76%
Napoli FW Lorenzo Insigne
76%
Napoli MF Piotr Zieliński
76%
Benevento FW Roberto Insigne
75%
Inter Milan DF Alessandro Bastoni
74%
Lazio FW Ciro Immobile
74%
Atalanta FW Papu Gómez
74%
Inter Milan MF Ashley Young
73%
Napoli DF Kostas Manolas
73%
Napoli MF Fabián Ruiz
71%
Napoli DF Giovanni Di Lorenzo
71%
Inter Milan MF Ivan Perišić
71%
Atalanta FW Luis Muriel
71%
Atalanta MF Marten De Roon
71%
Inter Milan MF Nicolò Barella
71%
Atalanta MF Robin Gosens
70%
Napoli DF Elseid Hysaj
69%
Lazio MF Sergej Milinkovic-Savic
69%
Atalanta MF Remo Freuler
68%
Fiorentina MF Federico Chiesa
67%
Cagliari FW João Pedro
66%
Lazio GK Thomas Strakosha
66%
Genoa FW Goran Pandev
64%
Lazio MF Luis Alberto
64%
Atalanta MF Hans Hateboer
63%
Lazio DF Stefan Radu
62%
Atalanta DF Rafael Toloi
61%
Napoli MF Diego Demme
60%
Juventus MF Aaron Ramsey
59%
Inter Milan DF Aleksandar Kolarov
59%
Torino FW Andrea Belotti
59%
Fiorentina GK Bartłomiej Drągowski
59%
AS Roma FW Lorenzo Pellegrini
59%
Fiorentina DF Nikola Milenković
58%
AS Roma FW Pedro
58%
AC Milan MF Samuel Castillejo
58%
Sassuolo GK Andrea Consigli
57%
Inter Milan DF Danilo D'Ambrosio
57%
Sassuolo MF Domenico Berardi
57%
Lazio DF Francesco Acerbi
57%
AS Roma DF Gianluca Mancini
57%
Bologna GK Łukasz Skorupski
57%
AC Milan MF Samu Castillejo
57%
AS Roma MF Jordan Veretout
56%
Udinese GK Juan Musso
55%
Sassuolo MF Manuel Locatelli
55%
Atalanta GK Marco Sportiello
55%
AC Milan DF Matteo Gabbia
55%
Lazio FW Joaquin Correa
54%
Lazio MF Adam Marusic
52%
AS Roma MF Amadou Diawara
50%
Benevento DF Kamil Glik
50%
Bologna MF Musa Barrow
50%
Lazio MF Lucas Leiva
49%
Torino GK Salvatore Sirigu
49%
Torino MF Tomás Rincón
49%
Lazio DF Gil Patric
48%
AS Roma DF Roger Ibañez
48%
AS Roma DF Bryan Cristante
46%
AS Roma MF Rick Karsdorp
46%
Fiorentina FW Christian Kouamé
45%
Torino DF Gleison Bremer
45%
Fiorentina DF Martín Cáceres
45%
Cagliari GK Alessio Cragno
44%
Parma DF Matteo Darmian
44%
Sampdoria DF Omar Colley
44%
Bologna DF Takehiro Tomiyasu
44%
Fiorentina MF Alfred Duncan
43%
Sampdoria GK Emil Audero
43%
Sassuolo DF Jeremy Toljan
43%
AS Roma MF Leonardo Spinazzola
43%
Sassuolo DF Vlad Chiricheș
43%
Fiorentina MF Giacomo Bonaventura
41%
Cagliari FW Nahitan Nández
41%
Torino DF Nicolas Nkoulou
41%
Cagliari DF Ragnar Klavan
41%
Crotone FW Simy
41%
AS Roma GK Antonio Mirante
40%
Cagliari MF Marko Rog
40%
Sassuolo MF Pedro Obiang
40%
Bologna DF Lorenzo De Silvestri
39%
Lazio MF Manuel Lazzari
39%
Sampdoria MF Morten Thorsby
39%
Udinese MF Rodrigo De Paul
39%
Fiorentina MF Cristiano Biraghi
38%
Sassuolo FW Francesco Caputo
38%
Fiorentina FW Franck Ribéry
37%
Sampdoria MF Albin Ekdal
36%
Spezia GK Jeroen Zoet
36%
Torino MF Karol Linetty
36%
Bologna MF Nicolás Domínguez
36%
Cagliari MF Răzvan Marin
36%
Sampdoria DF Bartosz Bereszynski
35%
Sassuolo MF Filip Đuričić
35%
Crotone GK Alex Cordaz
34%
Benevento GK Lorenzo Montipo'
34%
Bologna MF Riccardo Orsolini
34%
Parma FW Andreas Cornelius
33%
Parma MF Juraj Kucka
32%
Cagliari FW Giovanni Simeone
31%
Hellas Verona DF Koray Günter
31%
Hellas Verona MF Miguel Veloso
31%
Bologna FW Rodrigo Palacio
31%
Sassuolo DF Gian Marco Ferrari
30%
Hellas Verona MF Federico Dimarco
29%
Crotone MF Junior Messias
29%
Sassuolo DF Rogério
29%
Torino DF Cristian Ansaldi
28%
Spezia FW Emmanuel Gyasi
28%
Parma DF Bruno Alves
27%
Hellas Verona GK Marco Silvestri
27%
Genoa MF Milan Badelj
27%
Cagliari DF Charalampos Lykogiannis
26%
Sampdoria DF Tommaso Augello
26%
Atalanta DF Mattia Caldara
25%
Benevento MF Artur Ioniță
23%
Bologna MF Roberto Soriano
23%
Atalanta DF Boško Šutalo
22%
Fiorentina MF Gaetano Castrovilli
22%
Udinese FW Kevin Lasagna
22%
Torino FW Simone Zaza
22%
Sampdoria MF Jakub Jankto
21%
Parma GK Luigi Sepe
21%
Hellas Verona MF Adrien Tameze
20%
Torino FW Álex Berenguer
20%
Parma MF Hernani
20%
Bologna MF Jerdy Schouten
20%
Torino MF Soualiho Meïté
20%
Torino DF Armando Izzo
19%
Benevento FW Gianluca Caprari
18%
Sassuolo MF Lukáš Haraslín
18%
Genoa FW Mattia Destro
18%
Bologna DF Mitchell Dijks
18%
Spezia FW Kevin Agudelo
17%
Spezia DF Martin Erlić
17%
Udinese DF Rodrigo Becao
17%
Genoa MF Davide Zappacosta
16%
Genoa GK Mattia Perin
16%
Cagliari DF Sebastian Walukiewicz
16%
Spezia FW Andrey Galabinov
15%
Hellas Verona MF Davide Faraoni
15%
Udinese MF Tolgay Arslan
15%
Spezia MF Tommaso Pobega
15%
Udinese DF Sebastian De Maio
14%
Spezia MF Matteo Ricci
13%
Parma FW Roberto Inglese
13%
Benevento DF Gaetano Letizia
12%
Crotone MF Luca Cigarini
12%
Crotone DF Vladimir Golemic
12%
Sampdoria DF Lorenzo Tonelli
11%
Udinese DF Samir
11%
Benevento MF Bryan Dabo
10%
Sampdoria FW Federico Bonazzoli
10%
Udinese MF Marvin Zeegelaar
10%
Genoa MF Miha Zajc
10%
Crotone MF Niccolo' Zanellato
10%
Crotone MF Salvatore Molina
10%
Udinese FW Stefano Okaka
10%
Genoa DF Davide Biraschi
9%
Juventus MF Gianluca Frabotta
9%
Benevento DF Luca Caldirola
9%
Parma DF Simone Iacoponi
9%
Parma MF Alberto Grassi
8%
Benevento DF Daam Foulon
8%
Crotone FW Emmanuel Riviere
8%
Fiorentina DF Federico Ceccherini
8%
Parma MF Gastón Brugman
8%
Parma DF Giuseppe Pezzella
8%
Sampdoria MF Mehdi Léris
8%
Hellas Verona FW Samuel Di Carmine
8%
Crotone DF Lisandro Magallan
7%
Crotone DF Luca Marrone
7%
Genoa MF Lukas Lerager
7%
Udinese MF Mamadou Coulibaly
7%
Hellas Verona DF Mert Çetin
7%
Genoa MF Paolo Ghiglione
7%
Genoa DF Edoardo Goldaniga
6%
Udinese MF Hidde Ter Avest
6%
Cagliari DF Paolo Faragò
6%
Benevento MF Pasquale Schiattarella
6%
Sampdoria MF Fabio Depaoli
5%
Spezia DF Juan Ramos
4%
Hellas Verona DF Alan Empereur
3%
Crotone MF Antonio Mazzotta
3%
Benevento FW Gabriele Moncini
3%
Hellas Verona FW Ľubomír Tupta
3%
Spezia DF Jacopo Sala
2%
Spezia MF Paolo Bartolomei
2%
Hellas Verona FW Andrea Danzi
1%
Cagliari MF Fabrizio Caligara
1%
Spezia DF Cristian Dell'Orco
0%
No matching quizzes found
Score Distribution
Percent of People with Each Score
Percentile by Number Answered
Your Score History
You have not taken this quiz